| Tag |
First Indicator |
Second Indicator |
Subfields |
| LEADER |
00000cjm a2200000Ia 4500 |
| 001 |
in00001606331 |
| 005 |
20151023052154.0 |
| 007 |
sd fungnn---ed |
| 008 |
980921s1997 dcu n eng d |
| 028 |
0 |
2 |
|a USMB-CD-13
|b United States Marine Band
|
| 033 |
2 |
0 |
|a 19970623
|a 19970627
|b 3884
|c F3
|
| 035 |
|
|
|a (OCoLC)ocm39902357
|
| 040 |
|
|
|a BIB
|c BIB
|d IXA
|d NRM
|d LKR
|d TXA
|d UtOrBLW
|
| 049 |
|
|
|a TXAM
|
| 090 |
|
|
|a M1200.U55
|b A54 1997
|
| 092 |
|
|
|a 784.84
|
| 110 |
2 |
|
|a United States Marine Band,
|e performer.
|
| 245 |
1 |
0 |
|a American games /
|c "The President's Own" United States Marine Band.
|
| 246 |
1 |
|
|i Subtitle on container:
|a Twentieth century classics for winds
|
| 264 |
|
1 |
|a [Washington D.C.] :
|b [United States Marine Band],
|c [1997?]
|
| 300 |
|
|
|a 1 sound disc :
|b digital ;
|c 4 3/4 in.
|
| 336 |
|
|
|a performed music
|b prm
|2 rdacontent
|
| 337 |
|
|
|a audio
|b s
|2 rdamedia
|
| 338 |
|
|
|a audio disc
|b sd
|2 rdacarrier
|
| 500 |
|
|
|a Original works and arrangements for band.
|
| 511 |
0 |
|
|a United States Marine Band ; Timothy W. Foley, conductor.
|
| 518 |
|
|
|a Recorded June 23-27, 1997 at the Center for the Arts, George Mason University, Fairfax, Virginia.
|
| 500 |
|
|
|a Compact disc.
|
| 500 |
|
|
|a Program notes and list of band personnel ([21] pages : ill.) inserted in container.
|
| 505 |
0 |
|
|a American games / Nicholas Maw (20:20) -- Angel camp / Charles Cushing (with the Choir of the College of William and Mary) (15:20) -- Dionysiaques : op. 62, no. 1 / Florent Scmitt (10:12) -- Greek dances. Epirotikos (1:22) ; Peloponnisiakus (3:43) ; Kalamatianos (1:29) ; Pedia ke pios to petaxe (1:26) ; Kritikos (1:27) ; Sifneikos (1:04) ; Makedonikos (3:46) ; Enas Aitos (2:17) / Nikos Skolkattas [i.e. Skalkottas] ; edited by Gunther Schuller (16:53) -- Theme and variations, op. 43a / Arnold Schoenberg (11:44).
|
| 500 |
|
|
|a Sound recording.
|
| 650 |
|
0 |
|a Band music.
|
| 650 |
|
0 |
|a Band music, Arranged.
|
| 700 |
1 |
|
|a Foley, Timothy W.
|
| 700 |
1 |
2 |
|a Maw, Nicholas.
|t American games.
|
| 700 |
1 |
2 |
|a Cushing, Charles,
|d 1905-1982.
|t Angel camp.
|
| 700 |
1 |
2 |
|a Schmitt, Florent,
|d 1870-1958.
|t Dionysiaques.
|
| 700 |
1 |
2 |
|a Skalkottas, Nikos,
|d 1904-1949.
|t Hellēnikoi choroi,
|m orchestra.
|k Selections;
|o arranged.
|
| 700 |
1 |
2 |
|a Schoenberg, Arnold,
|d 1874-1951.
|t Theme and variations,
|m band,
|n op. 43a.
|
| 710 |
2 |
|
|a College of William and Mary.
|b Choir,
|e performer.
|
| 994 |
|
|
|a E0
|b TXA
|
| 948 |
|
|
|a cataloged
|b h
|c 2001/5/1
|d c
|e bhartsfi
|f 4:18:25 pm
|
| 999 |
|
|
|a MARS
|
| 999 |
f |
f |
|s eae77d81-ff8b-3ca1-99e4-92b77b00e2b6
|i aef75362-d8ec-3125-a1c1-c73255549893
|t 0
|
| 952 |
f |
f |
|p ric
|a Texas A&M University
|b Rellis Campus
|c Joint Library Facility
|d Remote Storage
|t 0
|e M1200.U55 A54 1997
|h Library of Congress classification
|i audio -- audio disc
|m A14827661989
|
| 998 |
f |
f |
|a M1200.U55 A54 1997
|t 0
|l Remote Storage
|